| 000 | 00490nam a2200133 a 4500 | ||
|---|---|---|---|
| 008 | 120416s1963 ||||||||||||||||| || u | ||
| 050 | _aTP 156.D5 Hol | ||
| 100 | _aHolland, Charles D | ||
| 245 | 1 | 0 | _aMulticomponent distillation |
| 260 |
_aEnglewood Cliffs _bFT Prentice-Hall _c1963 |
||
| 300 | _axiii, 506p. : ill. | ||
| 350 | _a0.00 | ||
| 995 |
_D0.00 _FCBU-MAIN LIBRARY (Kitwe) _H1 _I9.90 _UAVAILABLE _ZAnnex Low-Usage Collection |
||
| 999 |
_c51760 _d51760 |
||